| 000 | 00497nam a2200145Ia 4500 | ||
|---|---|---|---|
| 008 | 170221s9999 xx 000 0 und d | ||
| 100 | _aPowell, C. Michael | ||
| 245 | _aBeyond e-commerce retail consumer attitudes and behavioral intentions | ||
| 245 | _cC. Michael Powell, North Georgia College & State University. | ||
| 260 | _bJournal of Management and Marketing Research | ||
| 260 | _c2012 | ||
| 300 | _a32 : 6 | ||
| 650 | _xBusiness | ||
| 856 | _uhttp://www.aabri.com/manuscripts/11969.pdf | ||
| 999 |
_c311260 _d311260 |
||